|
|
|
|
| LEADER |
00000nam a2200000 a 4500 |
| 001 |
vtls001311050 |
| 003 |
SK-MaSNL |
| 005 |
20260301103610.0 |
| 008 |
240314s1997 xo e r y slo |
| 015 |
|
|
|a SNBA1998/03-00810
|
| 020 |
|
|
|a 8022404888
|
| 035 |
|
|
|a SNK000263413
|
| 035 |
|
|
|a urn:nbn:sk:snk-aml3fs
|
| 035 |
|
|
|a urn:nbn:sk:snk-am008g8i
|
| 035 |
|
|
|a 160B38A2-BEEC-43CD-8688-A31DA664E92D
|
| 040 |
|
|
|a SNK
|b slo
|c SNK
|e AACR2
|
| 041 |
0 |
|
|a slo
|
| 044 |
|
|
|a xo
|c SK
|
| 080 |
|
|
|a 61(038)=30=854
|2 1981
|
| 080 |
|
|
|a 801.316.4:61=30=854
|2 1981
|
| 100 |
1 |
|
|a Čierny, Daniel
|4 aut
|9 43299
|
| 245 |
1 |
0 |
|a Slovník medicíny slovensko-nemecký
|c Daniel Čierny, Mária Čierna, Ladislav Čierny
|
| 246 |
1 |
0 |
|a Slowakisch-Deutsches Wörterbuch der Medizin
|
| 260 |
|
|
|a Bratislava
|b Veda
|c 1997
|
| 300 |
|
|
|a 576 s.
|c 24 cm
|
| 500 |
|
|
|a Súbež. tit. strana v nem.
|
| 650 |
0 |
7 |
|a medicína
|x slovníky nemecko-slovenské
|2 SNK
|9 441072
|
| 650 |
0 |
7 |
|a slovníky nemecko-slovenské
|x lekárstvo
|2 SNK
|9 441073
|
| 655 |
|
7 |
|a slovníky
|2 SNK
|9 70413
|
| 700 |
1 |
|
|a Čierna, Mária,
|d 1940-
|4 aut
|9 172576
|
| 700 |
1 |
|
|a Čierny, Ladislav
|4 aut
|9 5127
|
| 919 |
|
|
|a 80-224-0488-8
|
| 958 |
|
|
|a TL
|
| 999 |
|
|
|c 695639
|d 697569
|
| 952 |
|
|
|t P60, <04>, [BOOK], {604}
|a SNK
|b SNK
|y VYP
|7 0
|p 17A0108765
|o snkSC 94219 D1
|i snkKSP 11594/97
|0 0
|1 0
|4 0
|d 1997-11-21
|l 0
|r 2005-01-02 00:00:00
|w 2026-02-23
|
| 952 |
|
|
|t P60, <03>, [BOOK], {603}
|a SNK
|b SNK
|y PREZ
|7 0
|p 17A0108766
|o snkSC 94219
|i snkKSP 11593/97
|0 0
|1 0
|4 0
|d 1997-11-21
|f 1
|l 0
|r 2025-09-11 00:00:00
|w 2026-02-23
|
| 952 |
|
|
|t snkČIE 61(038)
|a SNKUST
|b SNKUST
|y PREZ
|7 0
|p 17A0201359
|o snkSC 94219 D2
|i snk2013/8712
|8 5
|0 0
|1 0
|4 0
|d 2000-03-03
|l 0
|r 2025-04-28 00:00:00
|w 2026-02-23
|